LIBRARY & INFORMATION CENTRE, KCAET, TAVANUR

ONLINE PUBLIC ACCESS CATALOGUE (OPAC)

Elementary engineering drawing / (Record no. 217)

MARC details
000 -LEADER
fixed length control field 00692cam a2200289ua 4500
041 ## - LANGUAGE CODE
Language code of text/sound track or separate title eng
082 ## - DEWEY DECIMAL CLASSIFICATION NUMBER
Classification number 604.2
Item number BHA/EL
100 ## - MAIN ENTRY--AUTHOR NAME
Personal name Bhatt, N D.
245 ## - TITLE STATEMENT
Title Elementary engineering drawing /
250 ## - EDITION STATEMENT
Edition statement 24 /
260 ## - PUBLICATION, DISTRIBUTION, ETC. (IMPRINT)
Place of publication Anand :
Name of publisher Charotar publishing house ,
Year of publication 1985.
300 ## - PHYSICAL DESCRIPTION
Number of Pages 490 ; .
650 ## - SUBJECT ADDED ENTRY--TOPICAL TERM
Topical Term Engineering drawing
942 ## - ADDED ENTRY ELEMENTS (KOHA)
Koha item type Books
Holdings
Withdrawn status Lost status Damaged status Home library Current library Date acquired Full call number Accession Number Koha item type Cost, normal purchase price
      KAUAET   11/02/1986 604.2 14831 Books  
      KAUAET KAUAET 11/02/1986 604.2 14826 Books  
Withdrawn     KAUAET KAUAET 07/04/2012 604.2 7637 Books 13.50
      KAUAET KAUAET 11/02/1986 604.2 14827 Books  
      KAUAET KAUAET 11/02/1986 604.2 14832 Books  
      KAUAET KAUAET 11/02/1986 604.2 14828 Books  
      KAUAET KAUAET 11/02/1986 604.2 14843 Books  
      KAUAET KAUAET 11/02/1986 604.2 14839 Books  
      KAUAET KAUAET 11/02/1986 604.2 14833 Books  
      KAUAET KAUAET 11/02/1986 604.2 14834 Books  
      KAUAET KAUAET 11/02/1986 604.2 14840 Books  
Withdrawn Lost and Paid For   KAUAET KAUAET 16/07/2020 604.2 BHA/EL 7638 Books 13.50
      KAUAET KAUAET 11/02/1986 604.2 BHA/EL 14835 Books  
      KAUAET KAUAET 11/02/1986 604.2 BHA/EL 14837 Books  
      KAUAET KAUAET 11/02/1986 604.2 BHA/EL 14838 Books  
free website counter